France and women 1789-1914 : gender, society and politics

Αποθηκεύτηκε σε:
Λεπτομέρειες βιβλιογραφικής εγγραφής
Κύριος συγγραφέας: McMillan, James F. 1948-
Μορφή: Βιβλίο
Γλώσσα:English
Δημοσίευση: London : Routledge, 2000
Θέματα:
Ετικέτες: Προσθήκη ετικέτας
Δεν υπάρχουν, Καταχωρήστε ετικέτα πρώτοι!

MARC

LEADER 00000nam a2200000 i 4500
001 1/101897
008 090227s2000 eng d
020 |a 0-415-22603-1 (pbk.) 
035 |l 10103448 
040 |a GR-MY-UA  |b gre  |e aacr 
041 0 |a eng 
082 0 |a 305.40944  |2 (22) 
100 1 |a McMillan, James F.  |d 1948- 
245 1 0 |a France and women 1789-1914 :  |b gender, society and politics /  |c James F. McMillan 
260 |a London :   |b Routledge,   |c 2000 
300 |a xiv, 286 σ.;  |b πίν.;  |c 23 εκ. 
504 |a Βιβλιογραφία: σ. 258-279 
504 |a Ευρετήριο: σ. 280-286 
650 0 0 |a Women  |z France  |x History. 
650 0 0 |a Women  |z France  |x Social conditions. 
852 |a INST  |b LESVOS  |e 20090227  |h 305.40944 MCM  |p 005100043853  |q 005100043853  |t BK  |y 0 
901 |a BIBL1-2009-1 
909 |a Λ  |b 154226 
922 |a 1ΕΛΗ  |b 200809  |c ΕΠΕΑΕΚ2/ΤΚΑ  |d ΜΙΧΑΛΟΠΟΥΛΟΣ 
970 |a ΓΙΑΛΑΜΑ  |b ΜΑΡΙΑ  |z 2009/02/27